000 00724nam a2200217Ia 4500
003 OSt
005 20220927105128.0
006 a|||||r|||| 00| 0
007 ta
008 220926b |||||||| |||| 00| 0 eng d
024 _a161646
037 _cReference Collections
040 _aRTL
_cRTL
_beng
041 _2eng
_aeng
082 _a"Y:5.236sN81, M1.AMR"
100 _a"Census of India, 1981"
_9370385
245 0 _a"District census handbook, 1981. Village & town directory"
_b Villagewise & townwise primary census abstract. Gujrat
260 _aAmereli
_bGovt. Press India
_c1981
942 _h"Y:5.236sN81, M1.AMR"
_cCC
999 _c690815
_d690815